Odvaha ; Šport kráľovien

Bibliographic Details
Main Author: Francis, Dick, 1920-2010 (Author)
Other Authors: Marušiaková, Viera, 1923-2016 (Translator), Lesňák, Rudolf, 1955- (Translator)
Format: Book
Language:Slovak
English
PhysicalDescription:254 s. 21 cm
Published: Bratislava Slovenský spisovateľ 2011
ISBN:9788022015868
Edition:[1. vyd.]
Series:Zelená knižnica
Subjects:

MARC

LEADER 00000nam a2200000 a 4500
001 vtls010315308
003 SK-MaSNL
005 20260302011930.0
008 240318s2011 xo g 000 faslo
015 |a SNBA2012/01-00090 
020 |a 9788022015868  |q (viaz.) 
035 |a 8127E5DF-328C-47FB-BFA2-17CA8C3AA39D 
035 |a urn:nbn:sk:snk-amjiqy 
035 |a urn:nbn:sk:snk-am001z4r 
040 |a SNK  |b slo  |c SNK  |e AACR2 
041 1 |a slo  |h eng 
044 |a xo  |c SK 
072 7 |a 821.111  |x Anglická literatúra, anglicky písaná  |2 konspekt 
080 |a 821.111-31  |2 2001 
080 |a (0:82-312.4)  |2 2001 
080 |a (0:82-312.6)  |2 2001 
100 1 |a Francis, Dick,  |d 1920-2010  |4 aut  |9 40239 
245 1 0 |a Odvaha ; Šport kráľovien  |c Dick Francis ; [z anglického originálu preložila Viera Marušiaková, Rudolf Lesňák] 
250 |a [1. vyd.] 
260 |a Bratislava  |b Slovenský spisovateľ  |c 2011 
300 |a 254 s.  |c 21 cm 
490 1 |a Zelená knižnica 
500 |a Dokument obsahuje 2 diela 
655 7 |a anglické romány  |2 SNKPH  |9 70428 
655 7 |a detektívne romány  |2 SNKPH  |9 70455 
655 7 |a autobiografické romány  |2 SNKPH  |9 70327 
655 7 |a English fiction  |2 SNKPHeng  |9 109944 
655 7 |a Detective novels  |2 SNKPHeng  |9 121444 
655 7 |a Autobiographical novels  |2 SNKPHeng  |9 319560 
700 1 |a Marušiaková, Viera,  |d 1923-2016  |4 trl  |9 53703 
700 1 |a Lesňák, Rudolf,  |d 1955-  |4 trl  |9 199054 
700 1 2 |a Francis, Dick,  |d 1920-2010  |t Nerve  |l Slovensky  |9 620138 
700 1 2 |a Francis, Dick,  |d 1920-2010  |t The sport of queens  |l Slovensky  |9 620139 
740 0 2 |a Šport kráľovien 
830 0 |a Zelená knižnica  |9 276858 
919 |a 978-80-220-1586-8 
958 |a LX 
958 |a UP 
968 |b ENG  |d 821 
999 |c 1007889  |d 1009819 
952 |a SNK  |b SNK  |y PREZ  |7 0  |p 17A0718785  |o snkSC 146725 D1  |i snk2011/20851  |8 0  |0 0  |1 0  |4 0  |d 2011-10-07  |f 1  |l 0  |r 2026-02-24 12:41:47  |w 2026-02-24 
952 |a SNK  |b SNK  |y PREZ  |7 0  |p 17A0718784  |o snkSC 146725  |i snk2011/20850  |8 0  |0 0  |1 0  |4 0  |d 2011-10-07  |l 0  |r 2025-07-15 00:00:00  |w 2026-02-24